| 000 | 00390 a2200157 4500 | ||
|---|---|---|---|
| 999 |
_c12770 _d12770 |
||
| 003 | OSt | ||
| 005 | 20240718133515.0 | ||
| 008 | 240718b ||||| |||| 00| 0 eng d | ||
| 020 | _a9783899556698 | ||
| 082 | _a711 | ||
| 100 | _aHan Slawik (Editor) | ||
| 245 | _aContainer Atlas: A Practical Guide to Container Architecture | ||
| 260 |
_bgestalten _c2020 |
||
| 300 | _a304P; | ||
| 942 | _2ddc | ||